| Tag |
First Indicator |
Second Indicator |
Subfields |
| LEADER |
00000nam a2200000 4500 |
| 001 |
in00004217469 |
| 005 |
20200807082034.0 |
| 006 |
m g d |
| 007 |
cr bn |||a|bb| |
| 008 |
920721s1630 enk o 00| | eng d |
| 035 |
|
|
|a (UnM)99854330
|
| 037 |
|
|
|a CL0036000038
|b ProQuest. 789 E. Eisenhower Parkway, Ann Arbor, MI 48108-3218
|
| 040 |
|
|
|a Cu-RivES
|c Cu-RivES
|d CStRLIN
|e dcrb
|d WaOLN
|
| 100 |
1 |
|
|a Cleaver, Robert,
|d 1561 or 2-ca. 1625.
|
| 245 |
0 |
2 |
|a A declaration of the Christian sabbath :
|b Wherein the sanctifying of the Lords-day, is proued to be agreeable to the commandement of God, and to the Gospell of Iesus Christ. The second edition. Whereunto is added a briefe appendix, touching the limits of the Christian sabbath the Lords-day: that it beginneth, and endeth after midnight, ... By Robert Cleaver.
|
| 246 |
2 |
|
|a Morality of the lavv.
|
| 246 |
2 |
|
|a Morality of the law.
|
| 260 |
|
|
|a At London :
|b Printed by Aug. M[athewes] for Rob. Milbourne, and are to be sold at his shop at the Grayhound in Pauls Churchyard,
|c 1630.
|
| 300 |
|
|
|a 1 online resource ([22], 209, [1] pages)
|
| 336 |
|
|
|a text
|b txt
|2 rdacontent
|
| 337 |
|
|
|a computer
|b c
|2 rdamedia
|
| 338 |
|
|
|a online resource
|b cr
|2 rdacarrier
|
| 500 |
|
|
|a Printer's name from STC.
|
| 500 |
|
|
|a Another issue, with H6 cancelled and replaced with I-K¹² , L⁴ and with cancel title page, of the 1625 edition.
|
| 500 |
|
|
|a Running title reads: The morality of the lavv.
|
| 500 |
|
|
|a Reproduction of the original in the Bodleian Library.
|
| 510 |
4 |
|
|a STC (2nd edition)
|c 5380.
|
| 533 |
|
|
|a Electronic reproduction.
|b Ann Arbor, Mich. :
|c UMI,
|d 1999-
|f (Early English books online)
|n Digital version of: (Early English books, 1475-1640 ; 1374:08)
|7 s1999 miun s
|
| 650 |
|
0 |
|a Sunday
|v Early works to 1800.
|
| 830 |
|
0 |
|a Early English books online.
|
| 856 |
4 |
0 |
|u http://proxy.library.tamu.edu/login?url=https://search.proquest.com/docview/2240925382
|z Connect to the full text of this electronic book
|t 0
|
| 999 |
f |
f |
|s e812c045-85e2-3107-b1e7-3e53fa63bf4e
|i cafebd02-75be-3459-b9fc-851783c63461
|t 0
|
| 952 |
f |
f |
|a Texas A&M University
|b College Station
|c Electronic Resources
|d Available Online
|t 0
|h No information provided
|
| 998 |
f |
f |
|t 0
|l Available Online
|